| 000 | 00630nam a2200181Ia 4500 | ||
|---|---|---|---|
| 008 | 090124s9999 xx 000 0 und d | ||
| 082 | _b101440 | ||
| 100 | _aपुरोहित वा.श्री. (वामन श्रीधर) | ||
| 245 | _a खुणेचे पान | ||
| 250 | _a1 | ||
| 260 | _c1937 | ||
| 300 | _a186 | ||
| 600 | _aपुरोहित वा.श्री. (वामन श्रीधर) | ||
| 630 | _a खुणेचे पान | ||
| 700 | _aपुरोहित वा.श्री. (वामन श्रीधर) | ||
| 730 | _a खुणेचे पान | ||
| 942 | _cBOOK | ||
| 999 |
_c147532 _d147532 |
||